000 01103cam a22002413a 4500
001 13104
003 PGUSA
005 20140828083301.0
008 040803s2004||||xxu|||||s|||||000 | eng d
040 _aPGUSA
_beng
042 _adc
050 4 _aBJ
100 1 _aTalmage, T. De Witt
_q(Thomas De Witt),
_d1832-1902
245 1 4 _aThe Abominations of Modern Society
_h[electronic resource] /
_cT. De Witt Talmage
260 _bProject Gutenberg,
_c2004
505 0 _aThe Curtain Lifted -- Winter Nights -- The Power of Clothes -- After Midnight -- The Indiscriminate Dance -- The Massacre by Needle and Sewing-Machine -- Pictures in the Stock Gallery -- Leprous Newspapers -- The Fatal Ten-Strike -- Some of the Club-Houses -- Flask, Bottle, and Demijohn -- House of Blackness of Darkness -- The Gun that Kicks over the Man who Shoots it off -- Lies: White and Black -- The Good Time Coming
506 _aPublic domain in the USA.
516 _aElectronic text
653 _aConduct of life
830 0 _aProject Gutenberg
_v13104
856 4 0 _uhttp://www.gutenberg.org/ebooks/13104
942 _cEB
999 _c242359
_d242359